Last among equals (Registro nro. 62560)
[ vista simple ]
| 000 -LÍDER | |
|---|---|
| Campo fijo de descripción fija | 004560000a22001210004500 |
| 100 1# - ASIENTO PRINCIPAL--NOMBRE PERSONAL | |
| Nombre personal | Kingsley, Lorraine |
| 245 10 - TÍTULO | |
| Título del Material | Last among equals |
| 300 ## - DESCRIPCIÓN FÍSICA | |
| Extensión | Vol.0, núm.120 (2008), Páginas 22-25 |
| 500 ## - NOTA GENERAL | |
| Nota General | Una injusticia invisible pone muchas vidas en riesgo. Por lo menos la mitad de la iglesia mundial es afectado por la creencia que las mujeres son inferiores a los hombres. |
| 650 14 - ASIENTO SECUNDARIO DE MATERIA - TERMINO TEMÁTICO | |
| Término temático o nombre geográfico como elemento de entrada | INJUSTICIA-MUJERES-LIBERIA |
| 773 0# - HOST ITEM ENTRY | |
| Title | Teartimes |
| 942 ## - TIPO DE MATERIAL (KOHA) | |
| Tipo de Item KOHA | Artículos de Revista |
| Estado de Material | Estado de Perdido | Estado de Dañado | No para Préstamo | Colección | Biblioteca de Origen | Biblioteca Permanente | Fecha de Adquisición | Total de Préstamos | Signatura Topográfica | Última vez visto | Fecha de Remplazo | Tipo de Material |
|---|---|---|---|---|---|---|---|---|---|---|---|---|
| Colección de Hemeroteca | Biblioteca FUSBC | Biblioteca FUSBC | 26/01/2016 | 26/01/2016 | 26/01/2016 | Artículos de Revista |
